[Event "Belgrade-chT Quality"]
[Site "Belgrade"]
[Date "2015.10.25"]
[Round "7"]
[White "Jeremic, Milan"]
[Black "Milanko, Nikola"]
[Result "1-0"]
[WhiteElo "2174"]
[BlackElo "1975"]
[PlyCount "133"]
[EventDate "2015.10.03"]
[EventType "team-tourn"]
[EventRounds "11"]
[EventCountry "SRB"]
[SourceTitle "EXT 2018"]
[Source "ChessBase"]
[SourceDate "2017.10.13"]
[SourceVersion "1"]
[SourceVersionDate "2017.10.13"]
[SourceQuality "1"]

1. d4 d5 2. Nf3 Nf6 3. c4 c6 4. Nc3 Bf5 5. Qb3 Qb6 6. c5 Qc7 7. g3 Nbd7 8. Bf4 Qc8 9. Bg2 e6 10. 0-0 Be7 11. Qd1 Ne4 12. Nxe4 Bxe4 13. b4 0-0 14. a4 b6 15. cxb6 axb6 16. Qb3 c5 17. Rfc1 c4 18. Qc3 h6 19. h4 Nf6 20. a5 b5 21. Ra2 Ra6 22. Rb2 Nd7 23. Ne1 Bxg2 24. Kxg2 Qc6 25. f3 Bd6 26. Qe3 Bxf4 27. Qxf4 f6 28. Nd3 e5 29. Qe3 Re8 30. Rd2 Raa8 31. Nf2 Rad8 32. Qc3 Nf8 33. Rcd1 exd4 34. Qxd4 Ne6 35. Qg4 d4 36. Ne4 Kh8 37. Qf5 Qd5 38. g4 Qe5 39. Qxe5 fxe5 40. a6 Nc7 41. Ra2 Nd5 42. Rb1 c3 43. Kf2 Re6 44. a7 Ra8 45. Ra5 Nc7 46. Nc5 Re7 47. Rba1 Kg8 48. Ke1 Kf8 49. Kd1 Ke8 50. Kc2 Rf7 51. h5 Ke7 52. Ne4 Kd7 53. Rg1 g5 54. hxg6 Rg7 55. Rh1 Rxg6 56. Rh5 Ke6 57. Nc5+ Kd5 58. Nd3 Re6 59. Nf4+ Kd6 60. Nxe6 Kxe6 61. Rxh6+ Kd5 62. Kd3 Rc8 63. a8Q+ Rxa8 64. Rxa8 Nxa8 65. g5 Nc7 66. Rb6 Ne6 67. Rxb5+ 1-0

[Event "Belgrade-chT Quality"]
[Site "Belgrade"]
[Date "2015.10.10"]
[Round "3"]
[White "Milanko, Nikola"]
[Black "Nikolic, Radisa S"]
[Result "1-0"]
[WhiteElo "1975"]
[BlackElo "2217"]
[PlyCount "89"]
[EventDate "2015.10.03"]
[EventType "team-tourn"]
[EventRounds "11"]
[EventCountry "SRB"]
[SourceTitle "EXT 2018"]
[Source "ChessBase"]
[SourceDate "2017.10.13"]
[SourceVersion "1"]
[SourceVersionDate "2017.10.13"]
[SourceQuality "1"]

1. d4 d5 2. Nf3 g6 3. c4 c6 4. cxd5 cxd5 5. Bf4 Nc6 6. Nc3 Nf6 7. e3 a6 8. Bd3 Bg7 9. Rc1 0-0 10. 0-0 Nh5 11. Bg3 Nxg3 12. hxg3 Qd6 13. a3 Rd8 14. Na4 Rb8 15. b4 e5 16. dxe5 Nxe5 17. Nd4 Ng4 18. Rxc8 Rbxc8 19. Qxg4 h5 20. Qe2 Re8 21. Qd2 Rc7 22. Nc5 Rce7 23. Ncb3 Bh6 24. Re1 Qf6 25. Qd1 Qe5 26. Be2 Rc8 27. Bf3 Rc3 28. Qd2 Rec7 29. Kh1 Rc8 30. Rc1 Rxc1+ 31. Nxc1 Kh7 32. Nce2 Rc4 33. Nb3 d4 34. Nbxd4 b5 35. Qd3 f5 36. Nc6 Qa1+ 37. Kh2 h4 38. Qd6 hxg3+ 39. fxg3 Qe1 40. Ncd4 Qf2 41. Qe7+ Kh8 42. Qe8+ Kh7 43. Bd5 Bxe3 44. Qg8+ Kh6 45. Qh8+ 1-0

[Event "Belgrade-chT Quality"]
[Site "Belgrade"]
[Date "2015.10.03"]
[Round "1"]
[White "Popovic, Ivan M"]
[Black "Milanko, Nikola"]
[Result "1/2-1/2"]
[WhiteElo "2029"]
[BlackElo "1975"]
[PlyCount "115"]
[EventDate "2015.10.03"]
[EventType "team-tourn"]
[EventRounds "11"]
[EventCountry "SRB"]
[SourceTitle "EXT 2018"]
[Source "ChessBase"]
[SourceDate "2017.10.13"]
[SourceVersion "1"]
[SourceVersionDate "2017.10.13"]
[SourceQuality "1"]

1. e4 e6 2. d4 d5 3. exd5 exd5 4. Bd3 Nf6 5. Ne2 Bg4 6. 0-0 Be7 7. f3 Bh5 8. Re1 0-0 9. Ng3 Bg6 10. Nf5 Bxf5 11. Bxf5 Re8 12. Nc3 c6 13. Bg5 Nbd7 14. Ne2 g6 15. Bd3 Nh5 16. Bd2 Bd6 17. g3 f5 18. c4 Nhf6 19. c5 Bf8 20. Nf4 Rxe1+ 21. Qxe1 Qe7 22. Qf2 Re8 23. Re1 Qf7 24. Bc2 Bg7 25. Nd3 Rxe1+ 26. Qxe1 Ne8 27. Qe3 Nc7 28. a4 Ne6 29. Bc3 Qe7 30. b4 Kf7 31. f4 b6 32. Ne5+ Nxe5 33. fxe5 bxc5 34. bxc5 Qg5 35. Qxg5 Nxg5 36. Kg2 Ne6 37. Bd3 Ke7 38. h4 Bh6 39. Kf3 Bc1 40. h5 Ng5+ 41. Kg2 Be3 42. g4 fxg4 43. hxg6 hxg6 44. Bxg6 Nf3 45. Kg3 Bxd4 46. Bb4 Nxe5 47. Bf5 Kf6 48. Bc8 Nd3 49. Ba5 Bxc5 50. Bc7 Bb6 51. Bd6 Ne5 52. Kf4 Nf7 53. Bb8 c5 54. Bxg4 c4 55. a5 Bxa5 56. Bxa7 Bc7+ 57. Ke3 Ke5 58. Kf2 1/2-1/2

[Event "Belgrade tt Cup"]
[Site "Belgrade"]
[Date "2015.04.24"]
[Round "4.2"]
[White "Popovic, Ivan M"]
[Black "Milanko, Nikola"]
[Result "1-0"]
[WhiteElo "2021"]
[BlackElo "1973"]
[PlyCount "100"]
[EventDate "2015.04.20"]
[EventType "team-swiss"]
[EventRounds "5"]
[EventCountry "SRB"]
[SourceTitle "CBM 166 Extra"]
[Source "ChessBase"]
[SourceDate "2015.06.18"]
[SourceVersion "1"]
[SourceVersionDate "2015.06.18"]
[SourceQuality "1"]
[WhiteTeam "Rakovica"]
[BlackTeam "Nis Jugopetrol"]
[WhiteTeamCountry "SRB"]
[BlackTeamCountry "SRB"]

1. e4 e6 2. d4 d5 3. Bd3 dxe4 4. Bxe4 Nf6 5. Bd3 c5 6. Nf3 Nc6 7. dxc5 Bxc5 8. 0-0 Qc7 9. Nc3 a6 10. a3 b5 11. Bg5 Bb7 12. Qe2 Nd4 13. Nxd4 Bxd4 14. Kh1 Bxc3 15. bxc3 Qxc3 16. f3 h6 17. Bd2 Qc7 18. Qe1 0-0 19. Qh4 Nh7 20. Rfe1 Bd5 21. Bf4 Qd8 22. Qg3 Qf6 23. h4 Qe7 24. Bxh6 f5 25. Bf4 Rad8 26. Bd2 Qf7 27. a4 Bc4 28. Bb4 Rfe8 29. Bxc4 bxc4 30. Qf4 Qh5 31. Kg1 Nf6 32. Ba5 Nd5 33. Qh2 Rd7 34. Bd2 Rf7 35. Bf4 Rb7 36. Be5 g5 37. hxg5 Qxh2+ 38. Kxh2 f4 39. Re4 Rf7 40. Rxc4 Rf5 41. Re4 Kf7 42. c4 Nb4 43. Bxf4 Nd3 44. Be3 e5 45. Rh1 Rh8+ 46. Kg1 Rd8 47. c5 Nf4 48. g4 Rxg5 49. Bxf4 exf4 50. Rxf4+ Kg8 1-0

[Event "Belgrade-chT"]
[Site "Belgrade"]
[Date "2014.10.12"]
[Round "4"]
[White "Milanko, Nikola"]
[Black "Dikic, Veljko"]
[Result "1-0"]
[WhiteElo "2011"]
[BlackElo "1980"]
[PlyCount "103"]
[EventDate "2014.10.04"]
[EventType "team-tourn"]
[EventRounds "13"]
[EventCountry "SRB"]
[SourceTitle "EXT 2015"]
[Source "ChessBase"]
[SourceDate "2014.11.20"]
[SourceVersion "1"]
[SourceVersionDate "2014.11.20"]
[SourceQuality "1"]

1. d4 d5 2. Nf3 c6 3. c3 Bf5 4. Bf4 Qb6 5. Qb3 e6 6. Nbd2 c5 7. Qxb6 axb6 8. Bxb8 Rxb8 9. e3 c4 10. Nh4 Nf6 11. Nxf5 exf5 12. g3 Bd6 13. Bg2 0-0 14. 0-0 b5 15. a3 Rbe8 16. Rfe1 Ne4 17. Rad1 g5 18. f3 Nxd2 19. Rxd2 Re7 20. Rde2 Rfe8 21. Kf2 f4 22. gxf4 gxf4 23. e4 dxe4 24. fxe4 f6 25. Kf3 b6 26. Bh3 Rg7 27. Rg2 Rxg2 28. Bxg2 Kf7 29. Bh3 Ke7 30. Rg1 Ra8 31. Rg7+ Ke8 32. Rxh7 b4 33. Rh8+ Bf8 34. axb4 Ra2 35. Kxf4 Rxb2 36. Be6 Rc2 37. Bxc4 Rxc3 38. Be2 Kf7 39. b5 Rc2 40. Bd3 Rb2 41. Bc4+ Ke8 42. Kf5 Rb4 43. Bd5 Ke7 44. Rh7+ Kd6 45. Bc6 Rxd4 46. Rd7+ Kc5 47. Rxd4 Kxd4 48. Kxf6 Bd6 49. h4 Be5+ 50. Kf5 Bh8 51. h5 Kc5 52. e5 1-0

[Event "Belgrade tt Cup"]
[Site "Belgrade"]
[Date "2012.04.22"]
[Round "5.6"]
[White "Milanko, Nikola"]
[Black "Markovic, Vladimir"]
[Result "0-1"]
[WhiteElo "2009"]
[BlackElo "2243"]
[PlyCount "79"]
[EventDate "2012.04.18"]
[EventType "team-swiss"]
[EventRounds "5"]
[EventCountry "SRB"]
[SourceTitle "CBM 148 Extra"]
[Source "ChessBase"]
[SourceDate "2012.06.22"]
[SourceVersion "1"]
[SourceVersionDate "2012.06.22"]
[SourceQuality "1"]
[WhiteTeam "Nis Jugopetrol"]
[BlackTeam "Borca II"]
[WhiteTeamCountry "SRB"]
[BlackTeamCountry "SRB"]

1. e4 e6 2. d4 d5 3. Nc3 Bb4 4. e5 Ne7 5. a3 Bxc3+ 6. bxc3 b6 7. a4 Ba6 8. Bxa6 Nxa6 9. Ne2 h6 10. 0-0 Nb8 11. Ng3 g6 12. Qf3 Nbc6 13. Qf6 Rh7 14. Ba3 Nf5 15. Qxd8+ Rxd8 16. Nxf5 gxf5 17. Bb4 Kd7 18. Rfd1 Rg7 19. Rd3 Rdg8 20. Rg3 Rg4 21. Rd1 Rxg3 22. hxg3 Rb8 23. Ra1 Na5 24. Bxa5 bxa5 25. Kf1 Rb2 26. Rc1 Ra2 27. Ke2 Rxa4 28. Kd2 Ra2 29. c4 Ra4 30. c3 Rxc4 31. Ra1 a4 32. f3 Kc6 33. Kc2 Kb5 34. Rb1+ Ka5 35. Kb2 Rc6 36. Rh1 Kb5 37. Rxh6 Kc4 38. Rh7 a6 39. Kc2 Rb6 40. Rxf7 0-1